000 00751nam a2200241 a 4500
001 BRCA_5219
005 20190320205005.0
008 261110s1904----gw-a######---#000-0#ger-#
041 _ager
044 _agw
050 4 _aND813.V4
_b.S74 1904
100 1 _aStevenson, R.A.M
_913365
245 1 0 _aVelázquez
_cR.A.M Stevenson ; übersetzt und eingeleitet von Eberhard Freiherr von Badenhausen.
260 _aMünich, Alemania
_bF. Bruckmann
_c1904
300 _a166 p.
_bil., 24 láminas
_c22 cm.
500 _aIncluye índice de ilustraciones
500 _aE53
600 1 4 _aVelázquez, Diego
_d1599-1660
_913366
650 1 4 _aPintores españoles
_97620
700 1 _aBodenhausen, Eberhard Freiherr von
_913367
902 _aGFM
942 _2lcc
_cB
999 _c4913
_d4913